90 Second Madness: Country Flags Quiz Stats

 Plays Quiz Updated Sep 10, 2016

Challenge
Share
Tweet
Score 0/27 Timer 01:30
13 Plays Today
% Correct
Germany
77.2%
Jamaica
74.8%
France
71.6%
Ireland
71.4%
India
71.3%
Cyprus
70.7%
Saudi Arabia
70.5%
Nepal
70.3%
Finland
68.6%
Kenya
67.5%
Argentina
66.9%
Portugal
66%
New Zealand
63.4%
Lebanon
61.7%
% Correct
Georgia
57.8%
Bhutan
54.8%
Barbados
50.6%
Uganda
46.2%
Venezuela
44.4%
Iraq
42.6%
Somalia
41.1%
St. Lucia
37.8%
Papua New Guinea
35.6%
Lesotho
35.4%
Kiribati
35.2%
Mozambique
29.6%
Cabo Verde
26.1%

You're not logged in!

Compare scores with friends on all Sporcle quizzes.
Join for Free
OR
Log In

You Might Also Like...

Show Comments

Extras

Top Quizzes Today


Score Distribution

Your Account Isn't Verified!

In order to create a playlist on Sporcle, you need to verify the email address you used during registration. Go to your Sporcle Settings to finish the process.

Report this User

Report this user for behavior that violates our Community Guidelines.

Details: